Magic the Gathering: Shadows over Innistrad Block Characters - Statistics

General Stats
  • This quiz has been taken 8 times
  • The average score is 20 of 21
Answer Stats
Picture Hint Answer % Correct
Shadows over Innistrad Archangel Avacyn
100%
Shadows over Innistrad Arlinn Kord
100%
Eldritch Moon Brisela, Voice of Nightmares
100%
Eldritch Moon Bruna, the Fading Light
100%
Eldritch Moon Emrakul, the Promised End
100%
Eldritch Moon Gisa and Geralf
100%
Eldritch Moon Gisela, the Broken Blade
100%
Eldritch Moon Hanweir, the Writhing Township
100%
Shadows over Innistrad Jace, Unraveler of Secrets
100%
Eldritch Moon Liliana, the Last Hope
100%
Shadows over Innistrad Nahiri, the Harbinger
100%
Shadows over Innistrad Odric, Lunarch Marshal
100%
Shadows over Innistrad Olivia, Mobilized for War
100%
Shadows over Innistrad Sorin, Grim Nemesis
100%
Eldritch Moon Tamiyo, Field Researcher
100%
Eldritch Moon Thalia, Heretic Cathar
100%
Shadows over Innistrad The Gitrog Monster
100%
Eldritch Moon Ishkanah, Grafwidow
86%
Shadows over Innistrad Sigarda, Heron's Grace
86%
Shadows over Innistrad Ormendahl, Profane Prince
71%
Eldritch Moon Ulrich of the Krallenhorde
71%
No matching quizzes found
Score Distribution
Percent of People with Each Score
Percentile by Number Answered
Your Score History
You have not taken this quiz